Macroeconomics / (Record no. 1761)

MARC details
000 -LEADER
fixed length control field 00875pam a2200193 a 4500
020 ## - INTERNATIONAL STANDARD BOOK NUMBER
ISBN 0070204969 (acidfree paper)
020 ## - INTERNATIONAL STANDARD BOOK NUMBER
ISBN 9780070204966
050 00 - CALL NUMBER
Classification number HB172.5
Item number .L36
100 1# - AUTHOR
Personal name Landsburg, Steven E.,
245 10 - TITLE
Title Macroeconomics /
Statement of responsibility, etc Steven E. Landsburg, Lauren J. Feinstone.
250 ## - EDITION
Edition statement International ed.
260 ## - PUBLICATION INFORMATION
Place of publication New York :
Name of publisher McGraw-Hill,
Year of publication c1997.
300 ## - DESCRIPTION
Number of Pages xxiii, 552 p. :
Other physical details col. ill. ;
Dimensions 24 cm.
500 ## - NOTES
General note Include index.
505 ## - FORMATTED CONTENTS NOTE
Table of Content Income, output and expenditure; borrowing and lending; consumption; interest rates and equilibrium; government; investment; growth; labour; money; the neoclassical model; the stickly wage model; the stickly price model; monetary misperceptions and the role of expectations; monetary institutions; exchange rates; economic policy.
650 #0 - SUBJECTS
Topical Term Macroeconomics.
700 1# - OTHER AUTHORS
Personal name Feinstone, Lauren J.,
942 ## - ADDED ENTRY ELEMENTS (KOHA)
Koha item type Books
Holdings
Withdrawn status Lost status Home library Current library Shelving location Date acquired Full call number Accession Number Copy number Koha item type
    Methodist University Library Main Methodist University Library Main General Stacks   HB172.5 .L36 11420 1 Books
    Methodist University Library Main Methodist University Library Main General Stacks   HB172.5 .L36 11414 2 Books
    Methodist University Library Main Methodist University Library Main General Stacks   HB172.5 .L36 11417 3 Books
    Methodist University Library Main Methodist University Library Main General Stacks   HB172.5 .L36 11419 4 Books
    Methodist University Library Main Methodist University Library Main General Stacks   HB172.5 .L36 11407 5 Books
    Methodist University Library Main Methodist University Library Main General Stacks   HB172.5 .L36 11415 6 Books
    Methodist University Library Main Methodist University Library Main General Stacks   HB172.5 .L36 11416 7 Books
    Methodist University Library Main Methodist University Library Main General Stacks   HB172.5 .L36 11418 8 Books
    Methodist University Library Main Methodist University Library Main General Stacks 25/01/2018 HB172.5 .L36 11412 9 Books
    Methodist University Library Main Methodist University Library Main General Stacks 25/01/2018 HB172.5 .L36 11408 10 Books
    Methodist University Library Main Methodist University Library Main General Stacks 25/01/2018 HB172.5 .L36 11410 11 Books
    Methodist University Library Main Methodist University Library Main General Stacks 25/01/2018 HB172.5 .L36 11413 12 Books
    Methodist University Library Main Methodist University Library Main General Stacks 25/01/2018 HB172.5 .L36 11411 13 Books
Copyright © 2026  MUG Library